Normal view
MARC view
Entry Personal Name
001 - CONTROL NUMBER
- control field: 476751
003 - CONTROL NUMBER IDENTIFIER
- control field:
005 - DATE AND TIME OF LATEST TRANSACTION
- control field: 20210602134655.0
008 - FIXED-LENGTH DATA ELEMENTS
- fixed length control field: 210602|| aca||aabn | a|a d
040 ## - CATALOGING SOURCE
- Original cataloging agency:
- Transcribing agency:
100 ## - HEADING--PERSONAL NAME
- Personal name: Godard, Jean Lucd,
- Dates associated with a name: 1930-,
- Title of a work: 2 ou 3 choses que je sais d'elle.
- Language of a work: English & French.
- Date of a work: 1981
670 ## - SOURCE DATA FOUND
- Source citation: Work cat.: (): Guzzetti, Alfred 1942- 476749, Two or three things I know about her :, 1981
